Les Quartiers de Tourcoing - Statistiques

Statistiques générales
  • Ce quiz a été pris 52 fois
  • Le résultat moyen est 4 sur 16
Statistiques - réponses
Quartiers % Correct
Bourgogne
78%
Croix-Rouge
78%
Phalempins
71%
Virolois
34%
Pont-de-Neuville
32%
Centre-Ville
29%
Epidème
24%
Blanc Seau
15%
Gambetta
15%
Marlières
15%
Belencoutre
5%
Malcense-Égalité
2%
Brun-Pain Francs
0%
Clinquet Bois d'Achelles
0%
Flocon Blanche-Porte
0%
Orions Pont-Rompu
0%
Aucun quiz correspondant
Distribution des résultats
% des personnes avec chaque résultat
Percentile par nombre de réponses
Votre historique - résultats
Vous n’avez pas pris ce quiz